Statistics for RC Strasbourg Alsace Squad 2023-2024

Click here to take the quiz!

General Stats

  • This quiz has been taken 26 times
    (16 since last reset)
  • The average score is 25 of 30

Answer Stats

#PositionNationPlayer% Correct
36GKMoroccoAlaa Bellaarouch
100%
23FWBrazilÂngelo
100%
10FWNetherlandsEmanuel Emegha
100%
9FWFranceKévin Gameiro
100%
12FWSouth AfricaLebo Mothiba
100%
1GKBelgiumMatz Sels
100%
-CoachFrancePatrick Vieira
100%
3DFFranceThomas Delaine
100%
24DFIvory CoastAbakar Sylla
91%
26FWFranceDilane Bakwa
91%
2DFFranceFrédéric Guilbert
91%
19MFFranceHabib Diarra
91%
27MFMaliIbrahima Sissoko
91%
7MFFranceJessy Deminguet
91%
5DFFranceLucas Perrin
91%
30GKHaitiAlexandre Pierre
82%
8MFBrazilAndrey Santos
82%
4DFPolandKarol Fila
82%
28DFFranceMarvin Senaya
82%
14MFBosnia and HerzegovinaSanjin Prcić
82%
77DFUkraineEduard Sobol
73%
22DFFranceGerzino Nyamsi
73%
29DFFranceIsmaël Doukouré
73%
6MFIvory CoastJean-Eudes Aholou
73%
18DFFranceJunior Mwanga
73%
1GKFranceMatthieu Dreyer
73%
13DFGuineaSaïdou Sow
73%
11FWIvory CoastMoïse Sahi Dion
55%
25DFFranceSteven Baseya
55%
39DFFranceMaxime Bastian
18%

Score Distribution

Percentile by Number Answered

Percent of People with Each Score

Your Score History

You have not taken this quiz since the last reset